01928 2200721 4500001002100000005001500021035002000036008004100056040001200097100001900109245013000128300002700258020001900285041000800304082001100312084001700323260003100340500001100371504002700382600003100409650002700440700001900467990001800486990001800504990001800522990001800540990001800558990001800576990001800594990001800612990001800630990001800648990001800666990001800684990001800702990001800720990001800738990001800756990001800774990001800792990001800810990001800828990001800846990001800864990001800882990001800900990001800918990001800936990001800954990001800972990001800990990001801008990001801026990001801044990001801062990001801080990001801098990001801116990001801134990001801152990001801170990001801188INLIS00000000000420120220314094404 a0010-0321001049220314 e 0 ind  aJBPDBAN0 aDasep Suryanto1 aSpeak to lead :b28 strategi komunikasi pemimpin untuk mencapai tujuan kepemimpinan /cDasep Suryanto;Editor , Dwi Prabantini axiv, 194 hlm. ;c23 cm a978-623-0671-2 aind a658.45 a658.45 DAS s aYogyakarta: :bAndi,c2020 aIndeks aBilbiografi : hlm. 190 4aKomunikasi dalam manajemen 4aManajemen kepemimpinan0 aDwi Prabantini a20/421098/PBI a20/421099/PBI a20/421100/PBI a20/421101/PBI a20/430241/KLL a20/430242/KLL a20/430243/KLL a20/430244/KLL a20/430241/KLL a20/421098/PBI a20/421099/PBI a20/421100/PBI a20/421101/PBI a20/430242/KLL a20/430243/KLL a20/430244/KLL a20/430242/KLL a20/421098/PBI a20/421099/PBI a20/421100/PBI a20/421101/PBI a20/430241/KLL a20/430243/KLL a20/430244/KLL a20/430243/KLL a20/421098/PBI a20/421099/PBI a20/421100/PBI a20/421101/PBI a20/430241/KLL a20/430242/KLL a20/430244/KLL a20/430244/KLL a20/421098/PBI a20/421099/PBI a20/421100/PBI a20/421101/PBI a20/430241/KLL a20/430242/KLL a20/430243/KLL